<?xml version="1.0" encoding="UTF-8"?>
<record
    xmlns:xsi="http://www.w3.org/2001/XMLSchema-instance"
    xsi:schemaLocation="http://www.loc.gov/MARC21/slim http://www.loc.gov/standards/marcxml/schema/MARC21slim.xsd"
    xmlns="http://www.loc.gov/MARC21/slim">

  <leader>01955nam a22003251  4500</leader>
  <controlfield tag="001">52240</controlfield>
  <controlfield tag="003">BD-RJUL </controlfield>
  <controlfield tag="005">20211209075755.0</controlfield>
  <controlfield tag="008">160907m19631965maua          000 0 eng  </controlfield>
  <datafield tag="035" ind1=" " ind2=" ">
    <subfield code="a">BD-RJUL 52360</subfield>
  </datafield>
  <datafield tag="035" ind1=" " ind2=" ">
    <subfield code="a">(OCoLC)00531535</subfield>
  </datafield>
  <datafield tag="035" ind1=" " ind2=" ">
    <subfield code="a">GLIS00230956</subfield>
  </datafield>
  <datafield tag="035" ind1=" " ind2=" ">
    <subfield code="a">(OCoLC)02099025</subfield>
  </datafield>
  <datafield tag="040" ind1=" " ind2=" ">
    <subfield code="a">DLC</subfield>
    <subfield code="c">DLC</subfield>
    <subfield code="d">MCL</subfield>
    <subfield code="d">m.c.</subfield>
    <subfield code="d">OCL</subfield>
    <subfield code="d">MYG</subfield>
    <subfield code="b">eng</subfield>
  </datafield>
  <datafield tag="041" ind1=" " ind2=" ">
    <subfield code="a">eng</subfield>
  </datafield>
  <datafield tag="082" ind1=" " ind2=" ">
    <subfield code="2">23 </subfield>
    <subfield code="a">530 </subfield>
    <subfield code="b">FEF 1965 </subfield>
  </datafield>
  <datafield tag="090" ind1=" " ind2=" ">
    <subfield code="a">QC23</subfield>
    <subfield code="b">.F435</subfield>
  </datafield>
  <datafield tag="099" ind1=" " ind2=" ">
    <subfield code="a">QC23.F435</subfield>
  </datafield>
  <datafield tag="100" ind1="1" ind2=" ">
    <subfield code="a">Feynman, Richard P.</subfield>
    <subfield code="q">(Richard Phillips),</subfield>
    <subfield code="d">1918-1988.</subfield>
    <subfield code="9">156266</subfield>
  </datafield>
  <datafield tag="245" ind1="1" ind2="4">
    <subfield code="a">The Feynman lectures on physics / </subfield>
    <subfield code="c">[by] Richard P. Feynman, Robert B. Leighton [and] Matthew Sands.</subfield>
  </datafield>
  <datafield tag="260" ind1=" " ind2=" ">
    <subfield code="a">Reading, Mass. :</subfield>
    <subfield code="b">Addison-Wesley Pub. Co., </subfield>
    <subfield code="c">1963-65 [reprint 2007]</subfield>
  </datafield>
  <datafield tag="300" ind1=" " ind2=" ">
    <subfield code="a">3 v. :</subfield>
    <subfield code="b">ill. ; </subfield>
    <subfield code="c">29 cm.</subfield>
  </datafield>
  <datafield tag="505" ind1="0" ind2=" ">
    <subfield code="a">v. 1. Mainly mechanics, radiation, and heat -- v. 2. The electromagnetic field -- v. 3. Quantum mechanics.</subfield>
  </datafield>
  <datafield tag="650" ind1=" " ind2="0">
    <subfield code="a">Physics.</subfield>
    <subfield code="9">156267</subfield>
  </datafield>
  <datafield tag="700" ind1="1" ind2=" ">
    <subfield code="a">Leighton, Robert B.</subfield>
    <subfield code="9">156268</subfield>
  </datafield>
  <datafield tag="700" ind1="1" ind2=" ">
    <subfield code="a">Sands, Matthew L.</subfield>
    <subfield code="q">(Matthew Linzee)</subfield>
    <subfield code="9">156269</subfield>
  </datafield>
  <datafield tag="740" ind1="0" ind2=" ">
    <subfield code="a">Lectures on physics.</subfield>
  </datafield>
  <datafield tag="942" ind1=" " ind2=" ">
    <subfield code="2">ddc</subfield>
    <subfield code="c">BK</subfield>
  </datafield>
  <datafield tag="949" ind1=" " ind2=" ">
    <subfield code="a">MYGS</subfield>
    <subfield code="v">1</subfield>
    <subfield code="b">[!39080003380950!]</subfield>
    <subfield code="b">[!39080003380943!]</subfield>
    <subfield code="b">[!39080003380935!]</subfield>
    <subfield code="b">[!39080003380927!]</subfield>
    <subfield code="b">[!39080003380919!]</subfield>
    <subfield code="b">[!39080003380901!]</subfield>
    <subfield code="v">2</subfield>
    <subfield code="b">[!39080003380885!]</subfield>
    <subfield code="b">[!39080003380877!]</subfield>
    <subfield code="b">[!39080003380869!]</subfield>
    <subfield code="b">[!39080003380851!]</subfield>
    <subfield code="b">[!39080003380844!]</subfield>
    <subfield code="b">[!39080003380836!]</subfield>
    <subfield code="b">[!39080003382170!]</subfield>
    <subfield code="b">[!39080003382188!]</subfield>
    <subfield code="b">[!39080003380828!]</subfield>
    <subfield code="b">[!39080003380810!]</subfield>
    <subfield code="v">3</subfield>
    <subfield code="b">[!39080003381289!]</subfield>
    <subfield code="b">[!39080003381271!]</subfield>
    <subfield code="b">[!39080003381263!]</subfield>
    <subfield code="b">[!39080003381255!]</subfield>
    <subfield code="b">[!39080003381248!]</subfield>
    <subfield code="b">[!39080003381230!]</subfield>
    <subfield code="b">[!39080003381222!]</subfield>
    <subfield code="b">[!39080003381214!]</subfield>
    <subfield code="a">MYGE</subfield>
    <subfield code="v">1</subfield>
    <subfield code="b">[!39080003379986!]</subfield>
    <subfield code="b">[!39080003379978!]</subfield>
    <subfield code="v">2</subfield>
    <subfield code="b">[!39080003381511!]</subfield>
    <subfield code="b">[!39080003426415!]</subfield>
    <subfield code="b">[!39080003380893!]</subfield>
    <subfield code="v">3</subfield>
    <subfield code="b">[!39080003381503!]</subfield>
    <subfield code="b">[!39080003381495!]</subfield>
    <subfield code="a">MYGY</subfield>
    <subfield code="v">1</subfield>
    <subfield code="b">[!39080003387369!]</subfield>
    <subfield code="b">[!39080003387351!]</subfield>
    <subfield code="v">2</subfield>
    <subfield code="b">[!39080003387344!]</subfield>
    <subfield code="v">3</subfield>
    <subfield code="b">[!39080003387336!]</subfield>
    <subfield code="b">[!39080003387328!]</subfield>
    <subfield code="a">MYGP</subfield>
    <subfield code="v">1</subfield>
    <subfield code="b">[!39080003387310!]</subfield>
    <subfield code="v">2</subfield>
    <subfield code="b">[!39080003387302!]</subfield>
    <subfield code="v">3</subfield>
    <subfield code="b">[!39080003387294!]</subfield>
  </datafield>
  <datafield tag="999" ind1=" " ind2=" ">
    <subfield code="c">52240</subfield>
    <subfield code="d">52240</subfield>
  </datafield>
  <datafield tag="952" ind1=" " ind2=" ">
    <subfield code="0">0</subfield>
    <subfield code="1">0</subfield>
    <subfield code="2">ddc</subfield>
    <subfield code="4">0</subfield>
    <subfield code="7">0</subfield>
    <subfield code="8">NFIC</subfield>
    <subfield code="a">RUCL</subfield>
    <subfield code="b">RUCL</subfield>
    <subfield code="c">Stack</subfield>
    <subfield code="d">1970-12-09</subfield>
    <subfield code="e">Mirza books agency</subfield>
    <subfield code="g">27.50</subfield>
    <subfield code="l">0</subfield>
    <subfield code="o">530  FEF V-3 1965</subfield>
    <subfield code="r">2016-09-07 00:00:00</subfield>
    <subfield code="t">C-2</subfield>
    <subfield code="w">2016-09-07</subfield>
    <subfield code="y">BK</subfield>
  </datafield>
  <datafield tag="952" ind1=" " ind2=" ">
    <subfield code="0">0</subfield>
    <subfield code="1">0</subfield>
    <subfield code="2">ddc</subfield>
    <subfield code="4">0</subfield>
    <subfield code="7">0</subfield>
    <subfield code="8">NFIC</subfield>
    <subfield code="a">RUCL</subfield>
    <subfield code="b">RUCL</subfield>
    <subfield code="c">Stack</subfield>
    <subfield code="d">1970-12-09</subfield>
    <subfield code="e">Mirza books agency</subfield>
    <subfield code="g">27.50</subfield>
    <subfield code="l">0</subfield>
    <subfield code="o">530  FEF V-2 1964</subfield>
    <subfield code="r">2016-09-07 00:00:00</subfield>
    <subfield code="t">C-2</subfield>
    <subfield code="w">2016-09-07</subfield>
    <subfield code="y">BK</subfield>
  </datafield>
  <datafield tag="952" ind1=" " ind2=" ">
    <subfield code="0">0</subfield>
    <subfield code="1">0</subfield>
    <subfield code="2">ddc</subfield>
    <subfield code="4">0</subfield>
    <subfield code="7">0</subfield>
    <subfield code="8">NFIC</subfield>
    <subfield code="a">RUCL</subfield>
    <subfield code="b">RUCL</subfield>
    <subfield code="c">Stack</subfield>
    <subfield code="d">1970-12-09</subfield>
    <subfield code="e">Mirza books agency</subfield>
    <subfield code="g">27.50</subfield>
    <subfield code="l">0</subfield>
    <subfield code="o">530  FEF V-1 1963</subfield>
    <subfield code="r">2016-09-07 00:00:00</subfield>
    <subfield code="t">C-2</subfield>
    <subfield code="w">2016-09-07</subfield>
    <subfield code="y">BK</subfield>
  </datafield>
  <datafield tag="952" ind1=" " ind2=" ">
    <subfield code="0">0</subfield>
    <subfield code="1">0</subfield>
    <subfield code="2">ddc</subfield>
    <subfield code="4">0</subfield>
    <subfield code="7">0</subfield>
    <subfield code="8">NFIC</subfield>
    <subfield code="a">RUCL</subfield>
    <subfield code="b">RUCL</subfield>
    <subfield code="c">Stack</subfield>
    <subfield code="d">2008-05-14</subfield>
    <subfield code="e">Dhaka paragon enterprises ltd.</subfield>
    <subfield code="g">295.00</subfield>
    <subfield code="l">2</subfield>
    <subfield code="o">530  FEF V-2 2007</subfield>
    <subfield code="r">2024-02-20 00:00:00</subfield>
    <subfield code="s">2024-02-04</subfield>
    <subfield code="t">C-3</subfield>
    <subfield code="w">2016-10-02</subfield>
    <subfield code="y">BK</subfield>
  </datafield>
  <datafield tag="952" ind1=" " ind2=" ">
    <subfield code="0">0</subfield>
    <subfield code="1">0</subfield>
    <subfield code="2">ddc</subfield>
    <subfield code="4">0</subfield>
    <subfield code="7">1</subfield>
    <subfield code="8">NFIC</subfield>
    <subfield code="a">RUCL</subfield>
    <subfield code="b">RUCL</subfield>
    <subfield code="c">Reading</subfield>
    <subfield code="d">1970-12-09</subfield>
    <subfield code="e">Mirza books agency</subfield>
    <subfield code="g">27.50</subfield>
    <subfield code="l">0</subfield>
    <subfield code="o">530 FEF V-2 1964</subfield>
    <subfield code="r">2017-04-12 00:00:00</subfield>
    <subfield code="t">C-1</subfield>
    <subfield code="w">2017-04-12</subfield>
    <subfield code="y">BK</subfield>
  </datafield>
</record>
